[Event "20th HZ Open 2016"]
[Site "Vlissingen NED"]
[Date "2016.08.12"]
[Round "8.15"]
[White "Rosen, Eric S"]
[Black "Michalczak, Thomas"]
[Result "0-1"]
[WhiteTitle "IM"]
[BlackTitle "FM"]
[WhiteElo "2385"]
[BlackElo "2234"]
[WhiteFideId "2032562"]
[BlackFideId "4622634"]
[EventDate "2016.08.06"]

1. d4 d5 2. Nf3 Nf6 3. Bf4 c5 4. e3 Nc6 5. Nbd2 cxd4 6. exd4 Bg4 7. c3 e6 8. Qb3
Qc8 9. h3 Bh5 10. g4 Bg6 11. Nh4 Be7 12. Nxg6 hxg6 13. Be2 O-O 14. h4 Rd8 15. h5
e5 16. dxe5 Nxg4 17. hxg6 fxg6 18. f3 Ngxe5 19. Bxe5 Nxe5 20. f4 Ng4 21. c4 Bc5
22. Qh3 Ne3 23. Qh7+ Kf7 24. Nf3 Nc2+ 25. Kf1 Qf5 26. Ne5+ Kf6 27. Ng4+ Ke6 28.
Kg2 Nxa1 29. Qxg7 Rd7 30. Qc3 Nc2 31. Kg3 d4 32. Qf3 d3 33. Nh6 Nd4 34. Qe3+ Kd6
35. Bxd3 Qe6 36. Qd2 Re8 37. Ng4 Kc7 38. Ne5 Nf5+ 39. Kg2 Ne3+ 40. Kf3 Rf7 41.
Kg3 g5 0-1

[Event "20th HZ Open 2016"]
[Site "Vlissingen NED"]
[Date "2016.08.12"]
[Round "8.16"]
[White "Grochal, Joey"]
[Black "Perske, Thore"]
[Result "0-1"]
[BlackTitle "FM"]
[WhiteElo "2196"]
[BlackElo "2377"]
[WhiteFideId "1019945"]
[BlackFideId "12902195"]
[EventDate "2016.08.06"]

1. Nf3 Nf6 2. g3 g6 3. Bg2 Bg7 4. O-O O-O 5. c4 d6 6. Nc3 Nc6 7. Rb1 a5 8. a3 e5
9. d3 Nd4 10. b4 axb4 11. axb4 c6 12. b5 Bg4 13. Nxd4 exd4 14. Ne4 Nxe4 15. Bxe4
d5 16. Bg2 dxc4 17. bxc6 bxc6 18. dxc4 Ra2 19. Re1 Qa5 20. h3 Bf5 21. Rb2 Rxb2
22. Bxb2 Rb8 23. Bc1 c5 24. Bd2 Qa2 25. Bd5 Rb1 26. Bc1 Bxh3 27. Qd3 Bf5 28. Qf3
Qa5 29. Rf1 h5 30. Bg5 Rxf1+ 31. Kxf1 Qc7 32. Qa3 Bf8 33. Qa8 Qc8 34. Qa7 Qd7
35. Qa8 Bh3+ 36. Kg1 Qc8 37. Qa7 Qd7 38. Qa8 Qc8 39. Qa7 Be6 40. Bf6 Bxd5 41.
cxd5 Qf5 42. Bd8 Qxd5 43. Bb6 Kg7 44. Qa5 Bd6 45. Qb5 Qb7 46. Qa5 Qe7 47. Qb5 h4
48. gxh4 Qxh4 49. Qc6 Qf6 50. Kf1 Be7 51. Qc7 Qd6 52. Qa7 d3 53. exd3 Qxd3+ 54.
Kg2 Bd6 55. Qa1+ Kh7 56. Qb2 Qd5+ 57. Kg1 Be5 58. Qb5 Bd4 59. Qe2 Qe6 60. Qxe6
fxe6 61. Kg2 Kg7 62. f4 Kf6 63. Kf3 Kf5 64. Ba7 e5 65. fxe5 Kxe5 66. Kg4 c4 67.
Bb8+ Kf6 68. Bf4 Bb2 69. Be3 Kf7 70. Bf4 Bf6 71. Kf3 Ke6 72. Ke4 Bg7 73. Bd2 Kd7
74. Ba5 Kc6 75. Bb4 Kb5 76. Be7 Bh6 77. Bf6 Kb4 78. Kd4 Kb3 0-1

[Event "20th HZ Open 2016"]
[Site "Vlissingen NED"]
[Date "2016.08.12"]
[Round "8.17"]
[White "Admiraal, Miguoel"]
[Black "Liu, Manli"]
[Result "1-0"]
[WhiteTitle "IM"]
[WhiteElo "2458"]
[BlackElo "2062"]
[WhiteFideId "1019716"]
[BlackFideId "8608121"]
[EventDate "2016.08.06"]

1. d4 d5 2. Bf4 Nf6 3. e3 e6 4. Nd2 c5 5. c3 Bd6 6. Bg3 b6 7. Bb5+ Kf8 8. Ngf3
Bxg3 9. hxg3 Qc7 10. Ne5 Nbd7 11. f4 a5 12. g4 Ba6 13. Bxa6 Rxa6 14. g5 Ne8 15.
Ndf3 Nxe5 16. dxe5 Ra8 17. Kf2 Qd7 18. Qc2 f5 19. gxf6 gxf6 20. Rh6 Qg7 21. Rah1
Ra7 22. Kg1 Re7 23. R1h2 Rc7 24. c4 dxc4 25. Qxc4 Re7 26. Qc3 Rf7 27. Qb3 Re7
28. Qxb6 Rg8 29. Qxc5 fxe5 30. Rxh7 1-0

[Event "20th HZ Open 2016"]
[Site "Vlissingen NED"]
[Date "2016.08.12"]
[Round "8.18"]
[White "Praveen, Kumar C"]
[Black "Lin, Chen"]
[Result "1-0"]
[WhiteTitle "IM"]
[BlackTitle "GM"]
[WhiteElo "2242"]
[BlackElo "2516"]
[WhiteFideId "5007372"]
[BlackFideId "8602298"]
[EventDate "2016.08.06"]

1. d4 Nf6 2. c4 g6 3. Nc3 Bg7 4. e4 d6 5. Nf3 O-O 6. Be2 Nbd7 7. O-O e5 8. Re1
c6 9. Rb1 a5 10. d5 Nc5 11. Bf1 Bd7 12. Nd2 Qb6 13. h3 Bh6 14. b3 Kg7 15. a3 Na6
16. dxc6 bxc6 17. Na4 Qc7 18. c5 Nxc5 19. Nxc5 dxc5 20. Qc2 Be6 21. Qxc5 Rfb8
22. Qc3 Rb7 23. Bc4 Qe7 24. Bxe6 Bxd2 25. Bxd2 Qxe6 26. Qc2 Rab8 27. Re3 a4 28.
b4 c5 29. Rc1 cxb4 30. Bxb4 Ra8 31. Rc3 Rd7 32. Rc6 Qb3 33. Qc5 Rd1+ 34. Rxd1
Qxd1+ 35. Kh2 Re8 36. f3 Nh5 37. Bc3 f6 38. Rc7+ Kh6 39. Qa7 Rh8 40. Rd7 Qe2 41.
Bd2+ Nf4 42. Bxf4+ exf4 43. Qc7 Qe3 44. Qd6 Kg5 45. h4+ 1-0

[Event "20th HZ Open 2016"]
[Site "Vlissingen NED"]
[Date "2016.08.12"]
[Round "8.19"]
[White "Beerdsen, Thomas"]
[Black "Stillger, Bernhard"]
[Result "1/2-1/2"]
[WhiteTitle "FM"]
[BlackTitle "FM"]
[WhiteElo "2424"]
[BlackElo "2235"]
[WhiteFideId "1030108"]
[BlackFideId "4610768"]
[EventDate "2016.08.06"]

1. e4 e6 2. d4 d5 3. Nc3 dxe4 4. Nxe4 Bd7 5. Nf3 Bc6 6. Bd3 Nd7 7. c3 Ngf6 8.
Nxf6+ Nxf6 9. Ne5 Qd5 10. f3 Be7 11. Nxc6 Qxc6 12. Qe2 O-O 13. Bg5 Qd5 14. h4 c5
15. Bc4 Qd6 16. O-O-O b5 17. Bxb5 Rab8 18. a4 Rfc8 19. Kb1 Nd5 20. dxc5 Rxc5 21.
c4 Bxg5 22. hxg5 a6 23. cxd5 axb5 24. Qe4 g6 25. Qh4 h5 26. gxh6 exd5 27. Qd4 f6
28. Rc1 Rxc1+ 29. Rxc1 bxa4 30. Qa7 Qf8 31. Rc7 a3 32. Rg7+ Kh8 33. Rf7 Rxb2+
34. Ka1 Rb1+ 35. Kxb1 Qb4+ 36. Kc2 Qb2+ 37. Kd3 Qb3+ 38. Kd2 Qb2+ 39. Ke3 Qc1+
40. Kd3 Qc4+ 41. Kd2 Qb4+ 42. Ke2 Qb2+ 43. Ke3 Qc3+ 44. Ke2 Qc2+ 45. Ke3 Qc3+ 1/2-1/2

[Event "20th HZ Open 2016"]
[Site "Vlissingen NED"]
[Date "2016.08.12"]
[Round "8.20"]
[White "Vos, Tjark"]
[Black "Docx, Stefan"]
[Result "0-1"]
[BlackTitle "IM"]
[WhiteElo "2223"]
[BlackElo "2420"]
[WhiteFideId "1020870"]
[BlackFideId "200778"]
[EventDate "2016.08.06"]

1. e4 e5 2. Nf3 Nc6 3. Bb5 a6 4. Ba4 Nf6 5. O-O b5 6. Bb3 Bb7 7. d3 Be7 8. Nc3
O-O 9. a3 Nd4 10. Nxd4 exd4 11. Ne2 c5 12. c3 dxc3 13. bxc3 c4 14. dxc4 bxc4 15.
Bxc4 Qc7 16. Bd5 Nxd5 17. exd5 Qc4 18. Nf4 Bd6 19. Qe2 Rac8 20. Qxc4 Rxc4 21.
Rb1 Ba8 22. Ne2 Re8 23. Be3 Bxa3 24. Ra1 Bc5 25. Nd4 Bxd5 26. Rxa6 Rxc3 27. Nb5
Rcxe3 28. fxe3 Bc4 29. Rb1 Bd3 30. Raa1 Bxe3+ 31. Kh1 Bxb1 32. Rxb1 Rb8 33. Ra1
d5 34. Nc7 d4 35. Nd5 g6 36. g3 Rd8 37. Ra5 Bd2 38. Rb5 d3 39. Kg2 Bc1 0-1

[Event "20th HZ Open 2016"]
[Site "Vlissingen NED"]
[Date "2016.08.12"]
[Round "8.21"]
[White "Bluhm, Sonja Maria"]
[Black "Eisenbeiser, Amadeus"]
[Result "1-0"]
[WhiteTitle "WFM"]
[BlackTitle "IM"]
[WhiteElo "2235"]
[BlackElo "2416"]
[WhiteFideId "24654027"]
[BlackFideId "4678338"]
[EventDate "2016.08.06"]

1. d4 d6 2. e4 g6 3. Nc3 Bg7 4. Be3 a6 5. f3 Nd7 6. Qd2 b5 7. h4 h5 8. Nh3 Bb7
9. Ng5 e6 10. Be2 Ngf6 11. O-O-O Qe7 12. Bf4 e5 13. Be3 exd4 14. Bxd4 O-O 15. g4
b4 16. Nd5 Nxd5 17. Bxg7 Kxg7 18. exd5 Rae8 19. Rhe1 Qe3 20. Ne6+ Rxe6 21. dxe6
Qxd2+ 22. Rxd2 fxe6 23. gxh5 Rf4 24. Bd3 Ne5 25. hxg6 Bxf3 26. Rf2 Ng4 27. Rxf3
Rxf3 28. Rxe6 Ne5 29. h5 Nxd3+ 30. cxd3 Kh6 31. Re8 Rxd3 32. Rh8+ Kg7 33. Rh7+
Kg8 34. Rxc7 Rh3 35. Rc6 Rxh5 36. Rxa6 Rc5+ 37. Kd2 d5 38. Rb6 Rc4 39. Rb5 Kg7
40. Rxd5 Kxg6 41. Rb5 1-0

[Event "20th HZ Open 2016"]
[Site "Vlissingen NED"]
[Date "2016.08.12"]
[Round "8.22"]
[White "Bosboom, Manuel"]
[Black "Brouwer, Dennis"]
[Result "1-0"]
[WhiteTitle "IM"]
[WhiteElo "2400"]
[BlackElo "2217"]
[WhiteFideId "1000080"]
[BlackFideId "1018060"]
[EventDate "2016.08.06"]

1. e4 e5 2. Bc4 Nf6 3. d3 c6 4. Nf3 d5 5. Bb3 a5 6. a4 Bd6 7. exd5 cxd5 8. Nc3
Be6 9. O-O Nbd7 10. Bg5 Qb8 11. Re1 O-O 12. h3 Re8 13. Nb5 d4 14. c3 Nd5 15.
cxd4 h6 16. dxe5 Nxe5 17. d4 Nxf3+ 18. Qxf3 Bb4 19. Re5 hxg5 20. Bxd5 Bxd5 21.
Qxd5 Rxe5 22. dxe5 Ra6 23. Nd4 Qc8 24. Rd1 g4 25. hxg4 Qxg4 26. Qf3 Qc8 27. g3
Bf8 28. Kg2 Rb6 29. Rh1 g6 30. e6 fxe6 31. Qf6 Bg7 32. Qxg6 Qd7 33. Rh4 Qf7 34.
Rh8+ 1-0

[Event "20th HZ Open 2016"]
[Site "Vlissingen NED"]
[Date "2016.08.12"]
[Round "8.23"]
[White "Nitin, S."]
[Black "Woudsma, Martijn"]
[Result "1-0"]
[WhiteTitle "IM"]
[WhiteElo "2398"]
[BlackElo "2191"]
[WhiteFideId "5018277"]
[BlackFideId "1008889"]
[EventDate "2016.08.06"]

1. e4 g6 2. Nc3 Bg7 3. h4 h6 4. h5 g5 5. Nge2 d6 6. d4 a6 7. Ng3 b5 8. f4 gxf4
9. Bxf4 Nc6 10. Be3 e5 11. d5 Nd4 12. Qd2 f5 13. exf5 Nxf5 14. Nxf5 Bxf5 15. Bd3
Qd7 16. O-O-O Ne7 17. g4 Bxd3 18. Qxd3 O-O 19. g5 Rf3 20. Qe2 Qg4 21. Rhg1 Qxh5
22. gxh6 Nf5 23. Bd2 Nxh6 24. Rh1 Qf5 25. Bxh6 Rf2 26. Rdg1 Rxe2 27. Rxg7+ Kh8
28. Nxe2 Rg8 29. Rxc7 Rg1+ 30. Rxg1 1-0

[Event "20th HZ Open 2016"]
[Site "Vlissingen NED"]
[Date "2016.08.12"]
[Round "8.24"]
[White "Van Delft, Merijn"]
[Black "Goormachtigh, Johan"]
[Result "1/2-1/2"]
[WhiteTitle "IM"]
[BlackTitle "FM"]
[WhiteElo "2391"]
[BlackElo "2171"]
[WhiteFideId "1004670"]
[BlackFideId "200280"]
[EventDate "2016.08.06"]

1. e4 c5 2. Nf3 e6 3. d4 cxd4 4. Nxd4 Nc6 5. Nc3 Qc7 6. Be3 a6 7. Qf3 Bd6 8.
O-O-O Be5 9. g3 Nge7 10. Qe2 b5 11. f4 Bxd4 12. Bxd4 Nxd4 13. Rxd4 Bb7 14. Bg2
O-O 15. Rhd1 Rad8 16. Qd3 Bc6 17. Nd5 exd5 18. exd5 Nxd5 19. Bxd5 Rde8 20. Re4
Rxe4 21. Qxe4 Rc8 22. Kb1 d6 23. Bxc6 Qxc6 24. Qxc6 Rxc6 25. Rd4 Kf8 26. a4 Ke7
27. Re4+ Kd7 28. axb5 axb5 29. Kc1 Ra6 30. Kd2 Ra1 31. Kc3 h5 32. f5 Rf1 33. Rf4
Rh1 34. Rh4 g6 35. Kb4 Kc6 36. c3 Rb1 37. b3 Rb2 38. h3 Rg2 39. fxg6 fxg6 40. g4
hxg4 41. Rxg4 Rh2 42. Rg3 Rh1 43. Rxg6 Rxh3 44. Rg4 1/2-1/2

[Event "20th HZ Open 2016"]
[Site "Vlissingen NED"]
[Date "2016.08.12"]
[Round "8.25"]
[White "Beukema, Jasper"]
[Black "Timmermans, Mark"]
[Result "0-1"]
[BlackTitle "FM"]
[WhiteElo "2170"]
[BlackElo "2387"]
[WhiteFideId "1032984"]
[BlackFideId "1026399"]
[EventDate "2016.08.06"]

1. e4 e5 2. Nf3 Nc6 3. Bb5 a6 4. Ba4 Nf6 5. O-O Nxe4 6. d4 b5 7. Bb3 d5 8. dxe5
Be6 9. c3 Nc5 10. Bc2 Bg4 11. Re1 Ne6 12. Nbd2 Bc5 13. Nb3 Ba7 14. Be3 Bxe3 15.
Rxe3 Ne7 16. Nbd4 c5 17. Nxe6 fxe6 18. Qd2 Nf5 19. Bxf5 Bxf5 20. b4 Rc8 21. bxc5
Rxc5 22. Nd4 O-O 23. Rg3 Rc4 24. Re1 Qe7 25. Ree3 b4 26. h3 Qc5 27. Nxf5 Rxf5
28. cxb4 Qxb4 29. Qxb4 Rxb4 30. Rb3 Rxb3 31. Rxb3 Rxe5 32. Ra3 Re1+ 33. Kh2 Kf7
34. Rxa6 e5 35. Kg3 d4 36. a4 Ke7 37. a5 d3 38. Ra7+ Ke6 39. Ra6+ Kd7 40. Ra7+
Kc6 41. Ra6+ Kc5 0-1

[Event "20th HZ Open 2016"]
[Site "Vlissingen NED"]
[Date "2016.08.12"]
[Round "8.26"]
[White "Maris, Ivo"]
[Black "Go, Benjamin"]
[Result "0-1"]
[WhiteTitle "FM"]
[WhiteElo "2370"]
[BlackElo "2170"]
[WhiteFideId "1028146"]
[BlackFideId "1014560"]
[EventDate "2016.08.06"]

1. Nf3 Nf6 2. g3 b6 3. d4 Bb7 4. c4 e6 5. Bg2 c5 6. d5 exd5 7. Nh4 g6 8. Nc3 Bg7
9. cxd5 O-O 10. O-O a6 11. a4 d6 12. Re1 Nbd7 13. h3 Qb8 14. Ra3 Re8 15. f4 b5
16. axb5 axb5 17. Nxb5 Ne4 18. Re3 f5 19. g4 Qd8 20. gxf5 Qxh4 21. Rxe4 Rxe4 22.
Bxe4 Qxh3 23. Bg2 Qg3 24. Nxd6 Ra1 25. Ne4 Bd4+ 26. Kf1 Qh4 27. e3 Bxb2 28. Bxb2
Ba6+ 29. Kg1 Qxe1+ 30. Qxe1 Rxe1+ 31. Kh2 gxf5 32. Ng3 Bd3 33. d6 Be4 34. Bf1
Kf8 35. Bc3 Rxe3 36. Ba5 Ra3 37. Bd8 Rb3 38. Be7+ Ke8 39. Bc4 Rb2+ 40. Kh3 Nb6
41. Be6 Bd5 42. Bxf5 Kf7 43. Bg4 c4 44. Nf5 Be4 45. Nd4 c3 46. f5 c2 47. Bg5 Rb1
48. Ne2 Rh1+ 49. Kg3 h5 50. Bh3 h4+ 51. Kg4 Bxf5+ 52. Kxf5 Rxh3 53. Kg4 Rh2 54.
Kf3 Ke6 55. Bf4 Rh1 56. Nd4+ Kd7 57. Nxc2 Nd5 58. Kg2 Rb1 59. Be5 Ke6 60. Nd4+
Kd7 61. Nf3 Ne3+ 62. Kh3 Rh1+ 63. Nh2 Ke6 64. Bf4 Nd5 65. Bg5 Kxd6 66. Kg2 Ra1
67. Bxh4 Ke6 68. Nf3 Kf5 69. Kg3 Ra3 0-1

[Event "20th HZ Open 2016"]
[Site "Vlissingen NED"]
[Date "2016.08.12"]
[Round "8.27"]
[White "Freeke, Matthieu"]
[Black "Franssen, Jeroen"]
[Result "1/2-1/2"]
[WhiteTitle "FM"]
[WhiteElo "2354"]
[BlackElo "2156"]
[WhiteFideId "1013459"]
[BlackFideId "1032410"]
[EventDate "2016.08.06"]

1. d4 d5 2. c4 c6 3. Nf3 Nf6 4. e3 e6 5. b3 Nbd7 6. Bb2 Bd6 7. Bd3 O-O 8. O-O
Ne4 9. Ne5 f6 10. Nxd7 Bxd7 11. f3 Ng5 12. f4 Ne4 13. Bxe4 dxe4 14. Qc2 f5 15.
Ba3 Bxa3 16. Nxa3 Qa5 17. Qb2 c5 18. Rad1 Bc6 19. Nc2 b5 20. dxc5 bxc4 21. b4
Qa4 22. Nd4 Bd5 23. Qc3 Rab8 24. a3 a6 25. Rd2 h6 26. h3 Rb7 27. g4 Qe8 28. gxf5
exf5 29. Rg2 Qe7 30. Kh2 Qf6 31. Rfg1 Kh7 32. Ne2 Qxc3 33. Nxc3 Bc6 34. Rg6 Rc8
35. Rd6 a5 36. Rb1 Be8 37. Rd4 Bf7 38. Na4 Rb5 39. Nb6 Rcxc5 40. bxc5 Rxb1 41.
Nxc4 Rc1 42. Ne5 Bb3 43. c6 Rc3 44. Rd8 Ba4 45. Rf8 Bxc6 46. Nxc6 Rxc6 47. Rxf5 1/2-1/2

[Event "20th HZ Open 2016"]
[Site "Vlissingen NED"]
[Date "2016.08.12"]
[Round "8.28"]
[White "Rosmuller, Anton"]
[Black "Breukelman, Jan"]
[Result "0-1"]
[BlackTitle "FM"]
[WhiteElo "2132"]
[BlackElo "2325"]
[WhiteFideId "1007270"]
[BlackFideId "1015583"]
[EventDate "2016.08.06"]

1. d4 Nf6 2. c4 e6 3. Nc3 Bb4 4. e3 O-O 5. Nh3 c5 6. Be2 d5 7. cxd5 Nxd5 8. Bd2
cxd4 9. exd4 Nc6 10. O-O Nxd4 11. Bd3 Nf6 12. Re1 h6 13. Nf4 Nc6 14. a3 Bc5 15.
Qf3 e5 16. Nfd5 Nxd5 17. Nxd5 Be6 18. Bc4 f5 19. Be3 Nd4 20. Bxd4 Bxd4 21. Rad1
Rc8 22. Rxe5 Bxe5 23. Nf4 Bxc4 24. Rxd8 Rfxd8 25. h4 Bd5 26. Qe3 Be4 0-1

[Event "20th HZ Open 2016"]
[Site "Vlissingen NED"]
[Date "2016.08.12"]
[Round "8.29"]
[White "Lammens, Tim"]
[Black "Tikranian, Alik"]
[Result "1-0"]
[WhiteTitle "FM"]
[WhiteElo "2305"]
[BlackElo "2120"]
[WhiteFideId "1008803"]
[BlackFideId "1040952"]
[EventDate "2016.08.06"]

1. Nf3 Nf6 2. g3 b6 3. Bg2 Bb7 4. O-O e6 5. c4 c5 6. Nc3 Be7 7. b3 O-O 8. Bb2 d6
9. d3 Nbd7 10. e4 a6 11. Ne1 Qc7 12. f4 Rad8 13. Nc2 Nb8 14. g4 Nc6 15. g5 Ne8
16. Qh5 f6 17. Bh3 Bc8 18. g6 h6 19. f5 Nb4 20. Ne3 d5 21. fxe6 dxe4 22. Ncd5
Nxd5 23. Nxd5 Rxd5 24. Qxd5 Nd6 25. dxe4 Bb7 26. Qh5 Bxe4 27. Bg2 Bxg2 28. Kxg2
b5 29. Qf3 bxc4 30. bxc4 Nxc4 31. Bc3 Qc8 32. Rfe1 Ne5 33. Qe4 Qxe6 34. Rad1
Qxa2+ 35. Rd2 Qb3 36. Re3 Qb5 37. Rb2 Qe8 38. Rb7 Qxg6+ 39. Qxg6 Nxg6 40. Rexe7
Nxe7 41. Rxe7 Rf7 42. Re6 Rd7 43. Rxa6 Rd3 44. Be1 Rd5 45. Rc6 Kh7 46. Bf2 Rg5+
47. Bg3 Rd5 48. Kf3 Kg6 49. Rc7 Rd3+ 50. Ke2 Rd5 51. Ke3 Kh7 52. Ke4 Rh5 53. Bd6
Kg8 54. Rxc5 Rxc5 55. Bxc5 Kf7 56. Kd5 g5 57. Bb6 h5 58. Bc5 Kg6 59. Ke6 h4 60.
Bf2 f5 61. Ke5 f4 62. Be1 Kh5 63. Kf5 h3 64. Bf2 Kh6 65. Kg4 Kg6 66. Bd4 Kh6 67.
Bf6 Kg6 68. Bxg5 f3 69. Be3 1-0

[Event "20th HZ Open 2016"]
[Site "Vlissingen NED"]
[Date "2016.08.12"]
[Round "8.30"]
[White "Van der Zalm, Marnix"]
[Black "Brink, Barry"]
[Result "0-1"]
[BlackTitle "FM"]
[WhiteElo "2075"]
[BlackElo "2293"]
[WhiteFideId "1004611"]
[BlackFideId "1009451"]
[EventDate "2016.08.06"]

1. d4 Nf6 2. c4 e6 3. Nc3 Bb4 4. e3 O-O 5. Bd3 d5 6. cxd5 exd5 7. Ne2 c6 8. O-O
Re8 9. a3 Bd6 10. f3 c5 11. Nb5 Bf8 12. dxc5 Bxc5 13. Nbd4 Nc6 14. Qc2 Qb6 15.
Kh1 Bd7 16. b4 Bd6 17. Nxc6 Bxc6 18. Nd4 Bd7 19. Qf2 a5 20. Bd2 axb4 21. axb4 g6
22. Rfb1 Rac8 23. b5 Bb8 24. Qh4 Kg7 25. Ra4 Re5 26. g4 Qd6 27. Rg1 Qe7 28. e4
dxe4 29. Bh6+ Kg8 30. Nf5 Bxf5 31. gxf5 exd3 32. Rf4 Re2 33. fxg6 hxg6 34. Bg5
Bxf4 35. Bxf4 Rcc2 0-1

[Event "20th HZ Open 2016"]
[Site "Vlissingen NED"]
[Date "2016.08.12"]
[Round "8.31"]
[White "Goossens, Xavier"]
[Black "Saravanan, V."]
[Result "0-1"]
[BlackTitle "IM"]
[WhiteElo "2058"]
[BlackElo "2281"]
[WhiteFideId "208680"]
[BlackFideId "5000580"]
[EventDate "2016.08.06"]

1. e4 c5 2. Nf3 d6 3. d4 cxd4 4. Nxd4 Nf6 5. Nc3 a6 6. a4 e6 7. a5 Be7 8. Be2
O-O 9. O-O Nbd7 10. f4 Qc7 11. Bf3 Nc5 12. Qe1 e5 13. Nde2 Be6 14. b4 Ncd7 15.
f5 Bc4 16. g4 d5 17. g5 Nxe4 18. Nxe4 dxe4 19. Bxe4 Bxe2 20. Qxe2 Bxb4 21. Rb1
Rab8 22. Rb3 Rfd8 23. f6 g6 24. Rh3 Nf8 25. Be3 Bc5 26. c4 b5 27. Bd5 bxc4 28.
Qxc4 Bxe3+ 29. Rxe3 Qa7 30. Re1 Rb5 31. Bg2 Rb1 32. Kf1 Qxe3 33. Rxb1 Rd2 0-1

[Event "20th HZ Open 2016"]
[Site "Vlissingen NED"]
[Date "2016.08.12"]
[Round "8.32"]
[White "Hess, Stefan"]
[Black "Kabos, Tobias"]
[Result "0-1"]
[BlackTitle "FM"]
[WhiteElo "1967"]
[BlackElo "2273"]
[WhiteFideId "1042009"]
[BlackFideId "1010182"]
[EventDate "2016.08.06"]

1. e4 d6 2. d4 Nf6 3. Nc3 e5 4. dxe5 dxe5 5. Qxd8+ Kxd8 6. Bc4 Ke8 7. f4 Bb4 8.
Nf3 Nxe4 9. O-O Nxc3 10. bxc3 Bc5+ 11. Kh1 e4 12. Ng5 f5 13. Ne6 Bxe6 14. Bxe6
Rf8 15. Bc8 Nd7 16. Bxb7 Rb8 17. Bc6 Ke7 18. Rd1 Nf6 19. Bd2 Rfd8 20. Be1 Rxd1
21. Rxd1 Rb2 22. Ba4 Rxa2 23. Bb3 Ra6 24. Bh4 h6 25. h3 Be3 26. g4 g5 27. fxg5
hxg5 28. Bg3 f4 29. Be1 f3 30. Bg3 Nxg4 31. hxg4 Rh6+ 0-1

[Event "20th HZ Open 2016"]
[Site "Vlissingen NED"]
[Date "2016.08.12"]
[Round "8.33"]
[White "Lanchava, Tea"]
[Black "Kok, Ivo"]
[Result "1-0"]
[WhiteTitle "IM"]
[WhiteElo "2259"]
[BlackElo "2029"]
[WhiteFideId "1005308"]
[BlackFideId "1022024"]
[EventDate "2016.08.06"]

1. d4 Nf6 2. Nf3 e6 3. c4 d5 4. e3 Bb4+ 5. Nbd2 O-O 6. a3 Be7 7. Bd3 Nbd7 8. b3
c5 9. Bb2 b6 10. Rc1 h6 11. O-O Bb7 12. Bb1 Rc8 13. Ne5 cxd4 14. exd4 dxc4 15.
bxc4 Nxe5 16. dxe5 Nd7 17. f4 g6 18. Rc3 Bc5+ 19. Kh1 Bd4 20. Rg3 Bxb2 21. Qh5
Nxe5 22. fxe5 Bxe5 23. Qxe5 Rc5 24. Qe3 Kg7 25. Qc3+ e5 26. Nb3 1-0

[Event "20th HZ Open 2016"]
[Site "Vlissingen NED"]
[Date "2016.08.12"]
[Round "8.34"]
[White "Van Baar, Esper"]
[Black "De Jong, Migchiel"]
[Result "0-1"]
[BlackTitle "IM"]
[WhiteElo "2028"]
[BlackElo "2342"]
[WhiteFideId "1049321"]
[BlackFideId "1002848"]
[EventDate "2016.08.06"]

1. e4 d6 2. d4 Nf6 3. Nc3 c6 4. Be3 Nbd7 5. Nf3 e5 6. a4 Be7 7. dxe5 dxe5 8. h3
Bb4 9. Bd3 O-O 10. O-O Qe7 11. Ne2 Bc5 12. Bxc5 Nxc5 13. Ng3 Rd8 14. Qe2 g6 15.
Bc4 a5 16. b3 Ne8 17. Qe3 Kg7 18. Rad1 Rxd1 19. Rxd1 f6 20. Ne2 b6 21. Kf1 Nd6
22. Bd3 Be6 23. Nc3 Rd8 24. Be2 Qc7 25. Ke1 Rd7 26. g4 h6 27. h4 Nf7 28. g5 fxg5
29. hxg5 h5 30. Nh4 Rxd1+ 31. Bxd1 Qd8 32. f4 exf4 33. Qxf4 Qxg5 34. Qf2 Ne5 0-1

[Event "20th HZ Open 2016"]
[Site "Vlissingen NED"]
[Date "2016.08.12"]
[Round "8.35"]
[White "Peek, Marcel"]
[Black "Van de Wynkele, Eric"]
[Result "1/2-1/2"]
[WhiteTitle "IM"]
[WhiteElo "2325"]
[BlackElo "2018"]
[WhiteFideId "1000462"]
[BlackFideId "205702"]
[EventDate "2016.08.06"]

1. d4 c5 2. d5 e5 3. e4 d6 4. Bb5+ Bd7 5. a4 Nf6 6. Nc3 a6 7. Be2 Qa5 8. Bd2 Be7
9. h3 h6 10. Nf3 Nh7 11. O-O Qd8 12. Bc1 b6 13. Nd2 O-O 14. Nc4 f5 15. f4 exf4
16. Bxf4 fxe4 17. Nxe4 Bxa4 18. Bxd6 Rxf1+ 19. Qxf1 Bxc2 1/2-1/2

[Event "20th HZ Open 2016"]
[Site "Vlissingen NED"]
[Date "2016.08.12"]
[Round "8.36"]
[White "Amdouni, Zoubaier"]
[Black "Janse, Alexander"]
[Result "1-0"]
[WhiteTitle "FM"]
[WhiteElo "2306"]
[BlackElo "2017"]
[WhiteFideId "5500419"]
[BlackFideId "36052175"]
[EventDate "2016.08.06"]

1. e4 c5 2. Nf3 d6 3. d4 cxd4 4. Nxd4 Nf6 5. Nc3 a6 6. Bc4 e6 7. Bb3 Be7 8. Qe2
Qc7 9. Be3 Nc6 10. O-O-O Na5 11. g4 b5 12. g5 Nxb3+ 13. axb3 Nd7 14. Nf5 exf5
15. Nd5 Qd8 16. exf5 Bb7 17. f6 Bxd5 18. Rxd5 gxf6 19. Bd4 O-O 20. gxf6 Bxf6 21.
Rg1+ Kh8 22. Rh5 1-0

[Event "20th HZ Open 2016"]
[Site "Vlissingen NED"]
[Date "2016.08.12"]
[Round "8.37"]
[White "Van Kessel, Wessel"]
[Black "Vedder, Richard"]
[Result "0-1"]
[BlackTitle "FM"]
[WhiteElo "2007"]
[BlackElo "2268"]
[WhiteFideId "233404"]
[BlackFideId "1004166"]
[EventDate "2016.08.06"]

1. e4 e5 2. f4 exf4 3. Bc4 Qh4+ 4. Kf1 d6 5. Nf3 Qf6 6. Nc3 Be6 7. Nd5 Bxd5 8.
Bxd5 c6 9. Bb3 g5 10. d4 Nd7 11. h4 h6 12. Kg1 g4 13. Ne1 h5 14. c3 Bh6 15. Nd3
Ne7 16. Qe2 Ng6 17. Bd2 O-O-O 18. Nb4 f3 19. gxf3 gxf3 20. Qc4 Nge5 21. dxe5
Qg6+ 22. Bg5 Bxg5 23. hxg5 Qxg5+ 24. Kf2 Qd2+ 25. Kf1 Nxe5 26. Rd1 Qg2+ 0-1